Christian Ethics (Record no. 9925)

MARC details
000 -LEADER
fixed length control field 00570nam a2200229 a 4500
020 ## - INTERNATIONAL STANDARD BOOK NUMBER
ISBN 0883440
082 00 - DEWEY DECIMAL CLASSIFICATION NUMBER
Classification number 241.6
Author Cutter STI
100 ## - MAIN ENTRY--AUTHOR NAME
Author name Stivers, Robert L
245 ## - TITLE STATEMENT
Title Christian Ethics
Sub title Case Method Approach
260 ## - PUBLICATION, DISTRIBUTION, ETC. (IMPRINT)
Place of publication New York
Name of publisher Orbis Books
Year of publication 1994
300 ## - PHYSICAL DESCRIPTION
Number of Pages 298p
500 ## - GENERAL NOTE
General note includes index and biblioraphy
505 2# - FORMATTED CONTENTS NOTE
Formatted contents note Appendix
650 ## - SUBJECT ADDED ENTRY--TOPICAL TERM
Topical Term Christian-Ethics
942 ## - ADDED ENTRY ELEMENTS (KOHA)
Koha item type Books
Holdings
Collection code Home library Current library Date acquired Cost, normal purchase price Full call number Accession Number Koha item type
  Henry Martyn Institute Library Henry Martyn Institute Library 06/29/2007 857.50 241.6 STI 017169 Books
                   Copyright © 2026 | Henry Martyn Institute | Hyderabad | TS-500052 | INDIA | Implemented by hmi.edu.in
Hit-Count:

Powered by Koha